Logo BPK

Bibliografia Prac Pracowników

Politechniki Koszalińskiej

Metoda ocieplania stropodachów wentylowanych dwudzielnych styropianowym granulatem / (Rekord nr 9541)

Szczegóły MARC
000 -ETYKIETA REKORDU
podpole kontrolne o stałej długości 00678naa a2200157 i 4500
001 - NUMER KONTROLNY REKORDU
podpole kontrolne 9541
003 - IDENTYFIKATOR NUMERU KONTROLNEGO REKORDU
podpole kontrolne KOSZ 005
005 - DATA OSTATNIEJ MODYFIKACJI REKORDU
podpole kontrolne 20180403144600.0
008 - POLE O STAŁEJ DŁUGOŚCI - DANE KONTROLNE
podpole kontrolne o stałej długości 180403s1998 pl | | |000 ||pol
040 ## - ŹRÓDŁO KATALOGOWANIA
Instytucja, która utworzyła rekord KOSZ 005/HR
100 1# - NAZWA OSOBOWA
Nazwa osobowa MACIEIK, Lesław.
Lata pracy 1996 - 1999.
Instytucja Politechnika Koszalińska - Wydział Inżynierii lądowej i Sanitarnej.
245 ## - TYTUŁ/ODPOWIEDZIALNOŚĆ
Tytuł Metoda ocieplania stropodachów wentylowanych dwudzielnych styropianowym granulatem /
Pozostałe elementy strefy tytułu i oznaczenia odpowiedzialności Lesław Macieik, Jacek Katzer.
700 1# - HASŁO DODATKOWE - NAZWA OSOBOWA
Nazwa osobowa KATZER, Jacek.
Lata pracy 1996 - 1999.
Instytucja Politechnika Koszalińska - Wydział Inżynierii lądowej i Sanitarnej.
773 0# - TYTUŁ DOKUMENTU MACIERZYSTEGO
Wyrażenie wprowadzające W :
Tytuł Warstwy. -
Informacje dotyczące relacji 1998, nr 1, s. 124-126.
ISSN 1425-3461
942 ## - HASŁO DODATKOWE - ELEMENTY(KOHA)
Typ dokumentu Artykuł
Schemat klasyfikacji Uniwersalna klasyfikacja dziesiętna

Brak dostępnych egzemplarzy.

© 2014 Biblioteka Politechniki Koszalińskiej :: BIBLIOGRAFIA PRAC PRACOWNIKÓW